[Event "Let's Play Chess!"]
[Site "http://www.queenalice.com/game.php?id=449093"]
[Date "2008.8.15"]
[Round "-"]
[White "xia0yu"]
[Black "Fura"]
[Result "1-0"]
[WhiteElo "1217"]
[BlackElo "1653"]

1. e4 e5 2. Nf3 Nc6 3. d4 d5 4. Bb5 dxe4 5. Nxe5 Ne7 6. Nc3 Bd7 7. Nxc6 Bxc6 8.
Bxc6+ Nxc6 9. Be3 f5 10. O-O Qd7 11. a3 Ne7 12. Qe2 O-O-O 13. Rfd1 Nd5 14. Nxd5
Qxd5 15. c4 Qd6 16. b4 f4 17. Qg4+ Qd7 18. Qxf4 Re8 19. d5 Bd6 20. Qg5 Re5 21.
Qh4 Be7 22. Qf4 Bf6 23. Bd4 g5 24. Qxf6 Ree8 25. Bxa7 b6 26. c5 Rhf8 27. Qc6
Qxc6 28. dxc6 e3 29. fxe3 Rxe3 30. cxb6 cxb6 31. Bxb6 Re2 32. a4 g4 33. a5 Rff2
34. Rd8# 1-0

[Event "AUTO-OPEN-1231"]
[Site "http://www.queenalice.com/game.php?id=449320"]
[Date "2008.8.16"]
[Round "1"]
[White "Thai"]
[Black "xia0yu"]
[Result "1-0"]
[WhiteElo "1294"]
[BlackElo "1455"]

1. e4 d6 2. Bb5+ c6 3. Bc4 Nf6 4. Nc3 g6 5. d4 b5 6. Bb3 b4 7. Na4 Nxe4 8. Qe2
Nf6 9. Qf3 Bg7 10. Bg5 Qc7 11. O-O-O Bb7 12. Re1 O-O 13. Kb1 Nbd7 14. Nh3 c5 15.
Qf4 1-0

[Event "AUTO-OPEN-1231"]
[Site "http://www.queenalice.com/game.php?id=449321"]
[Date "2008.8.16"]
[Round "1"]
[White "xia0yu"]
[Black "Thai"]
[Result "0-1"]
[WhiteElo "1361"]
[BlackElo "1316"]

1. e4 e5 2. Nf3 d6 3. Bc4 a6 4. d4 Nf6 5. Nc3 exd4 6. Nxd4 c5 7. Nf3 Qa5 8. O-O
Be7 9. Bd2 O-O 10. Bb3 Ng4 11. Nd5 Qxd2 12. Nxe7+ Kh8 13. Qxd2 Bd7 0-1

[Event "Challenge"]
[Site "http://www.queenalice.com/game.php?id=449623"]
[Date "2008.8.16"]
[Round "-"]
[White "juan_francisco"]
[Black "xia0yu"]
[Result "1-0"]
[WhiteElo "1517"]
[BlackElo "1229"]

1. e4 d6 2. Bc4 Nf6 3. d3 g6 4. Bg5 Bg7 5. Qf3 Nbd7 6. Bxf6 Nxf6 7. Nc3 O-O 8.
Nh3 c6 9. O-O a5 10. a4 Bg4 11. Qf4 Bxh3 12. gxh3 Qb6 13. e5 Nh5 14. Qh4 Bxe5
15. Rae1 1-0

[Event "Challenge"]
[Site "http://www.queenalice.com/game.php?id=449827"]
[Date "2008.8.17"]
[Round "-"]
[White "xia0yu"]
[Black "Viper3910"]
[Result "0-1"]
[WhiteElo "1217"]
[BlackElo "1878"]

1. Nf3 e6 2. g3 Bc5 3. Bg2 d6 4. O-O e5 5. d3 f6 6. c4 Nc6 7. Nc3 Be6 8. a3 g5
9. b4 Bd4 10. Nxd4 exd4 11. Nb5 Qd7 12. Bxc6 Qxc6 13. Nxd4 Qd7 14. Nxe6 Qxe6 15.
Bb2 O-O-O 16. a4 Ne7 17. a5 d5 18. cxd5 Nxd5 19. Qb3 Qxe2 20. Rfe1 Qf3 21. b5
Rd6 22. Rac1 Rhd8 23. Bd4 b6 24. axb6 axb6 25. Rc6 Kb7 0-1

[Event "Challenge"]
[Site "http://www.queenalice.com/game.php?id=449919"]
[Date "2008.8.17"]
[Round "-"]
[White "Tailor_Raniere_Waiandt"]
[Black "xia0yu"]
[Result "1-0"]
[WhiteElo "1150"]
[BlackElo "1298"]

1. f4 f6 2. b4 e5 3. Ba3 exf4 4. Nh3 g5 5. e3 fxe3 6. dxe3 h5 7. Nd2 Bg7 8. Nb3
d5 9. Bb5+ c6 10. Ba4 b5 11. Bxb5 cxb5 12. Qd4 Ne7 13. Qc5 Bxh3 14. Rf1 Bxg2 15.
Rg1 Bh3 16. Qxb5+ Bd7 17. Qb7 Bc6 18. Qa6 Nxa6 19. Na5 1-0

[Event "Challenge"]
[Site "http://www.queenalice.com/game.php?id=455114"]
[Date "2008.8.28"]
[Round "-"]
[White "coach4u"]
[Black "xia0yu"]
[Result "1-0"]
[WhiteElo "1535"]
[BlackElo "1535"]

1. e4 d6 2. d4 Nf6 3. Nc3 g6 4. h3 Bg7 5. Nf3 c6 6. Bc4 b5 7. Ng5 bxc4 8. d5 Qa5
9. O-O cxd5 10. Nxd5 Nxd5 11. exd5 1-0

[Event "WXQ"]
[Site "http://www.queenalice.com/game.php?id=456237"]
[Date "2008.8.31"]
[Round "-"]
[White "perucona"]
[Black "xia0yu"]
[Result "0-1"]
[WhiteElo "1556"]
[BlackElo "1238"]

1. e4 d6 2. d4 Nf6 3. e5 dxe5 4. dxe5 Qxd1+ 5. Kxd1 Ng4 6. Ke1 Nxe5 7. Bf4 Nbc6
8. Bxe5 Nxe5 9. Nf3 Nxf3+ 10. Ke2 Nd4+ 11. Kd2 Bf5 12. Bd3 e5 13. Bxf5 Nxf5 14.
Nc3 O-O-O+ 15. Ke2 Bc5 16. Na4 Nd4+ 17. Ke3 Nxc2+ 18. Ke4 Nxa1 19. Rxa1 Bxf2 20.
Rf1 Rd4+ 21. Kxe5 Re8+ 22. Kf5 g6+ 23. Kg5 Bh4+ 24. Kh6 Rxa4 25. Ra1 Bf6 26.
Kxh7 Rh4# 0-1

[Event "Challenge"]
[Site "http://www.queenalice.com/game.php?id=477555"]
[Date "2008.10.15"]
[Round "-"]
[White "xia0yu"]
[Black "Cernunnos"]
[Result "1-0"]
[WhiteElo "1207"]
[BlackElo "1209"]

1. e4 e5 2. Nf3 d6 3. Bc4 Qe7 4. O-O Nf6 5. d3 a6 6. Bg5 b5 7. Bd5 c6 8. Bb3 h6
9. Bxf6 gxf6 10. d4 exd4 11. Nxd4 Qxe4 12. Re1 Qe7 13. Rxe7+ Bxe7 14. Qf3 c5 15.
Qxa8 Bf5 16. Nxf5 Kd7 17. Qb7+ Ke8 18. Qxe7# 1-0

[Event "Challenge!"]
[Site "http://www.queenalice.com/game.php?id=478201"]
[Date "2008.10.16"]
[Round "-"]
[White "pac212"]
[Black "xia0yu"]
[Result "0-1"]
[WhiteElo "974"]
[BlackElo "1289"]

1. d4 d5 2. e3 Nf6 3. Be2 Bf5 4. Nf3 e6 5. Bd2 Bd6 6. a3 O-O 7. c4 dxc4 8. Bxc4
c5 9. dxc5 Bxc5 10. b4 Bb6 11. Qb3 Nc6 12. Bc3 Ne4 13. Be5 Nxe5 14. Nxe5 Qg5 15.
O-O Bh3 16. g4 Bxg4 17. Nxg4 Qxg4+ 18. Kh1 Qf3+ 19. Kg1 Ng5 20. h3 Nxh3+ 21. Kh2
Bc7# 0-1

[Event "Challenge!"]
[Site "http://www.queenalice.com/game.php?id=478202"]
[Date "2008.10.16"]
[Round "-"]
[White "xia0yu"]
[Black "pac212"]
[Result "0-1"]
[WhiteElo "1302"]
[BlackElo "1012"]

1. e4 d6 2. d4 a6 3. f3 d5 4. exd5 Qxd5 5. c4 Qd8 6. Nc3 e6 7. Bf4 Bd6 8. Bxd6
cxd6 9. Bd3 Bd7 10. Nge2 e5 11. dxe5 dxe5 12. Be4 Qh4+ 13. Ng3 Be6 14. Qd6 Qe7
15. Qxe5 Qf6 16. Qc7 Qe7 17. Qxb7 Qxb7 18. Bxb7 Ra7 19. Bd5 Re7 20. O-O Nf6 21.
Bxe6 Rxe6 22. Rfe1 O-O 23. Rxe6 fxe6 24. Re1 Re8 25. Nge4 Kf7 26. Nd6+ Ke7 0-1

[Event "Challenge"]
[Site "http://www.queenalice.com/game.php?id=494274"]
[Date "2008.11.16"]
[Round "-"]
[White "Robersonsa"]
[Black "xia0yu"]
[Result "1-0"]
[WhiteElo "1307"]
[BlackElo "1325"]

1. e4 d6 2. d4 g6 3. Nf3 Bg7 4. Nc3 Bg4 5. h3 Bxf3 6. Qxf3 Bxd4 7. Bc4 e6 8. h4
Qf6 9. Qd3 Qxf2+ 10. Kd1 Nc6 11. Rf1 Qxg2 12. Qf3 Qxf3+ 13. Rxf3 Nf6 14. Bh6 Rg8
15. Kd2 O-O-O 16. b4 Ne5 17. Rg3 Nxc4+ 18. Kd3 Bf2 19. Rf3 Ne5+ 20. Ke2 Nxf3 21.
Kxf3 Bd4 22. Bd2 h5 23. Rd1 Ng4 24. Nb5 1-0

[Event "Challenge"]
[Site "http://www.queenalice.com/game.php?id=501047"]
[Date "2008.12.1"]
[Round "-"]
[White "xia0yu"]
[Black "Tlaloc2k"]
[Result "0-1"]
[WhiteElo "1329"]
[BlackElo "1669"]

1. e4 e5 2. Nf3 d6 3. Bc4 Nf6 4. Ng5 Be6 5. Bxe6 fxe6 6. Nxe6 Qe7 7. Nxf8 Rxf8
8. c3 Nxe4 9. Qa4+ c6 10. Qxe4 Qf6 11. O-O d5 12. Qxh7 Nd7 0-1